Statistics for All Generation 1 Pokemon With No Evolutions

Click here to take the quiz!

General Stats

  • This quiz has been taken 293 times
  • The average score is 21 of 25

Answer Stats

TypePokemon% Correct
Ice-FlyingArticuno
95%
PsychicMew
95%
PsychicMewtwo
95%
Fire-FlyingMoltres
95%
Electric-FlyingZapdos
95%
FireMagmar
93%
Ice-PsychicJynx
92%
ElectricElectabuzz
91%
Water-IceLapras
88%
Rock-FlyingAerodactyl
87%
FightingHitmonchan
87%
FightingHitmonlee
87%
Rock-GroundOnix
87%
NormalSnorlax
87%
Bug-FlyingScyther
85%
Normal-FlyingFarfetch'd
84%
BugPinsir
84%
NormalTauros
82%
GrassTangela
81%
NormalKangaskhan
77%
Psychic-FairyMr. Mime
77%
NormalDitto
76%
NormalChansey
74%
NormalPorygon
72%
NormalLickitung
64%

Score Distribution

Percentile by Number Answered

Percent of People with Each Score

Your Score History

You have not taken this quiz